00601cam a2200193ua 4500001000400000008003900004040000900043082001100052245007100063250000900134260004200143300002200185653002300207653002500230700002200255942000700277999001300284952011000297600110409n ii |||gr||||Z||||||eng cMAIN a327.1112aTheoretical aspects of international politics.cBy Mohendra Kumar. a6th. aAgra.:bShiva Lal Agarwala & co.,998. axvi, 496 p.:5 cm. aPolitical science. aTheoretical aspects.1 aKumar, Mohendra., cBK c533d533 00104070aMAINbMAINcGEN | 2d2020-09-19l0o327.11 | KUMp714r2020-09-19 00:00:00t1w2020-09-19yBK